000 00451nam a2200169 4500
001 127072
003 ES-MaACL
005 20230906192934.0
007 t|
008 070214s1930 mx r ||||1| spa d
100 1 _aReyes, Alfonso,
_d1889-1959
_996554
245 1 0 _aDiscurso por Virgilio /
_cAlfonso Reyes.
260 _aMéxico :
_bContemporáneos,
_c1930.
300 _a18 h. ;
_c22 cm.
852 _aES-MaACL
_j1748-F-11
999 _c127072
_d127072